<?xml version="1.0" encoding="UTF-8"?>
<collection xmlns:xsi="http://www.w3.org/2001/XMLSchema-instance" xsi:schemaLocation="http://www.loc.gov/MARC21/slim http://www.loc.gov/standards/marcxml/schema/MARC21slim.xsd" xmlns="http://www.loc.gov/MARC21/slim">
 <record>
  <leader>00000cac a22000003a 4500</leader>
  <controlfield tag="001">UP-8027390931316316673</controlfield>
  <controlfield tag="003">Buklod</controlfield>
  <controlfield tag="005">20200124101954.0</controlfield>
  <controlfield tag="006">a     r    |||| u|</controlfield>
  <controlfield tag="007">ta</controlfield>
  <controlfield tag="008">200124s        xx     d     r    |||| u|</controlfield>
  <datafield tag="035" ind1=" " ind2=" ">
   <subfield code="a">(iLib)UPMIN-00023694826</subfield>
  </datafield>
  <datafield tag="037" ind1=" " ind2=" ">
   <subfield code="b">DOST-PCAARRD</subfield>
   <subfield code="n">g/d</subfield>
  </datafield>
  <datafield tag="040" ind1=" " ind2=" ">
   <subfield code="a">UPMin</subfield>
  </datafield>
  <datafield tag="041" ind1=" " ind2=" ">
   <subfield code="a">eng</subfield>
  </datafield>
  <datafield tag="090" ind1=" " ind2="0">
   <subfield code="a">S 542</subfield>
   <subfield code="b">P62 P486a 2018</subfield>
  </datafield>
  <datafield tag="245" ind1="0" ind2="0">
   <subfield code="a">PCAARRD 2018 annual report</subfield>
   <subfield code="b">excellence in agri-aqua and natural resources innovation</subfield>
   <subfield code="c">The Office of the Executive Director, the Policy Coordination and Monitoring Division, and the Applied Communication Division ; editor, Marita A. Carlos.</subfield>
  </datafield>
  <datafield tag="264" ind1=" " ind2="1">
   <subfield code="a">Los Baños, Laguna</subfield>
   <subfield code="b">PCAARRD-DOST</subfield>
   <subfield code="c">2018.</subfield>
  </datafield>
  <datafield tag="300" ind1=" " ind2=" ">
   <subfield code="a">95 p.</subfield>
   <subfield code="b">ill. (col.)</subfield>
   <subfield code="c">28 cm.</subfield>
  </datafield>
  <datafield tag="650" ind1="1" ind2="7">
   <subfield code="a">Agricuture</subfield>
   <subfield code="x">Research and development partnership</subfield>
   <subfield code="z">Philippines</subfield>
   <subfield code="v">Yearbooks</subfield>
   <subfield code="y">2018.</subfield>
  </datafield>
  <datafield tag="650" ind1="1" ind2="7">
   <subfield code="a">Aquatic resources</subfield>
   <subfield code="x">Research and development partnership</subfield>
   <subfield code="z">Philippines</subfield>
   <subfield code="v">Yearbooks</subfield>
   <subfield code="y">2018.</subfield>
  </datafield>
  <datafield tag="650" ind1="1" ind2="7">
   <subfield code="a">Natural resources</subfield>
   <subfield code="x">Research and development partnership</subfield>
   <subfield code="z">Philippines</subfield>
   <subfield code="v">Yearbooks</subfield>
   <subfield code="y">2018.</subfield>
  </datafield>
  <datafield tag="700" ind1="1" ind2=" ">
   <subfield code="a">Carlos, Marita A., editor.</subfield>
  </datafield>
  <datafield tag="710" ind1="2" ind2=" ">
   <subfield code="a">PCAARRD.</subfield>
   <subfield code="b">The Office of the Executive Director, the Policy Coordination and Monitoring Division.</subfield>
  </datafield>
  <datafield tag="710" ind1="2" ind2=" ">
   <subfield code="a">PCARRD.</subfield>
   <subfield code="b">The Office of the Executive Director, the Applied Communication Division.</subfield>
  </datafield>
  <datafield tag="710" ind1="2" ind2=" ">
   <subfield code="a">Philippine Council for Agriculture, Aquatic and Natural Resources Research and Development (PCAARRD).</subfield>
  </datafield>
  <datafield tag="905" ind1=" " ind2=" ">
   <subfield code="a">FI</subfield>
  </datafield>
  <datafield tag="852" ind1="0" ind2=" ">
   <subfield code="a">UPMIN</subfield>
   <subfield code="b">UPMIN-MAIN</subfield>
   <subfield code="h">S 542</subfield>
   <subfield code="i">P62 P486a 2018</subfield>
  </datafield>
  <datafield tag="942" ind1=" " ind2=" ">
   <subfield code="a">Book</subfield>
  </datafield>
 </record>
</collection>
